Comparison of GusA activity in first-generation and budded transgenic plants in Hevea brasiliensis (Record no. 56006)

MARC details
000 -LEADER
fixed length control field 00646nam a2200205Ia 4500
100 ## - MAIN ENTRY--AUTHOR NAME
Personal name Lardet L
245 #0 - TITLE STATEMENT
Title Comparison of GusA activity in first-generation and budded transgenic plants in Hevea brasiliensis
260 ## - PUBLICATION, DISTRIBUTION, ETC. (IMPRINT)
Name of publisher IRRDB Natural Rubber Conference 2008, 13-15 October 2008, Kuala Lumpur, Malaysia: Abstract of papers
500 ## - GENERAL NOTE
General note Source Year: 2008
650 ## - SUBJECT ADDED ENTRY--TOPICAL TERM
Topical Term Budded transgenic plants
650 ## - SUBJECT ADDED ENTRY--TOPICAL TERM
Topical Term GusA activity
700 ## - ADDED ENTRY--PERSONAL NAME
Personal name Benistant E
700 ## - ADDED ENTRY--PERSONAL NAME
Personal name Leelercq J
700 ## - ADDED ENTRY--PERSONAL NAME
Personal name Martin F
700 ## - ADDED ENTRY--PERSONAL NAME
Personal name Montoro P
700 ## - ADDED ENTRY--PERSONAL NAME
Personal name Oliver G
856 ## - ELECTRONIC LOCATION AND ACCESS
Uniform Resource Identifier Abst only
942 ## - ADDED ENTRY ELEMENTS (KOHA)
Koha item type Journals
Holdings
Withdrawn status Lost status Damaged status Not for loan Home library Current library Shelving location Date acquired Koha item type
      Journals RRII Library RRII Library Biotechnology 28/01/2009 Journals